[Event "CYCC U10"]
[Site "Vancouver CAN"]
[Date "2012.07.05"]
[Round "6"]
[White "Chen, Philip X"]
[Black "Chung, Alec"]
[Result "1-0"]
[WhiteElo "1217"]
[BlackElo "663"]
[PlyCount "93"]
[GameId "2160767909508561"]
[EventDate "2012.07.03"]
[EventType "swiss"]
[EventRounds "7"]
[EventCountry "CAN"]
[SourceTitle "EXT 2022"]
[Source "ChessBase"]
[SourceDate "2021.10.06"]
[SourceVersion "1"]
[SourceVersionDate "2021.10.06"]
[SourceQuality "1"]

1. e4 c5 2. Nf3 e6 3. d4 cxd4 4. Nxd4 a6 5. Nc3 Qc7 6. Be2 d6 7. O-O Nf6 8. Be3 Be7 9. f4 O-O 10. Kh1 b5 11. a3 Bb7 12. Qd3 Nbd7 13. b4 Rac8 14. Nd1 Bxe4 15. Qd2 Bxc2 16. Rc1 Ne4 17. Qe1 Qb7 18. Rxc2 Rxc2 19. Nxc2 Rc8 20. Nd4 Ndf6 21. Bf3 d5 22. Nf2 Nxf2+ 23. Rxf2 Qc7 24. Rc2 Qb7 25. Qc1 Rxc2 26. Qxc2 a5 27. bxa5 Bxa3 28. Qb3 b4 29. Nc2 Qe7 30. Nxa3 bxa3 31. Bc1 e5 32. Bxa3 Qe6 33. Qb8+ Ne8 34. Bxd5 Qd7 35. a6 Qa4 36. h3 Qd1+ 37. Kh2 Qd4 38. a7 Qxf4+ 39. g3 Qd2+ 40. Bg2 Qd7 41. a8=Q h6 42. Qxe8+ Qxe8 43. Qxe8+ Kh7 44. Be4+ f5 45. Bxf5+ g6 46. Qxg6+ Kh8 47. Qh7# 1-0

[Event "CYCC U10"]
[Site "Vancouver CAN"]
[Date "2012.07.05"]
[Round "6"]
[White "Eirew, Milo"]
[Black "Chertkow, Matthew"]
[Result "0-1"]
[WhiteElo "571"]
[BlackElo "868"]
[PlyCount "78"]
[GameId "2160767909508562"]
[EventDate "2012.07.03"]
[EventType "swiss"]
[EventRounds "7"]
[EventCountry "CAN"]
[SourceTitle "EXT 2022"]
[Source "ChessBase"]
[SourceDate "2021.10.06"]
[SourceVersion "1"]
[SourceVersionDate "2021.10.06"]
[SourceQuality "1"]

1. e4 e5 2. Nc3 Nc6 3. Nf3 Bb4 4. Nd5 Nf6 5. c3 Bc5 6. b4 Bd6 7. d4 exd4 8. Nxd4 Nxe4 9. Bd3 Qh4 10. Bxe4 Qxe4+ 11. Be3 Qxd5 12. O-O O-O 13. Rc1 b6 14. c4 Qe5 15. Nf3 Qe7 16. Bg5 f6 17. Be3 Bxb4 18. Nd2 Ba6 19. Re1 Ne5 20. Bd4 d6 21. Qe2 c5 22. Bxe5 fxe5 23. Ne4 Bxe1 24. Rxe1 d5 25. cxd5 Bxe2 26. Rxe2 b5 27. d6 Qe6 28. f4 exf4 29. g4 Qxg4+ 30. Kf1 Rae8 31. Nf2 Qxe2+ 32. Kg2 f3+ 33. Kg3 c4 34. h4 c3 35. Kg4 c2 36. Nd3 Qg2+ 37. Kh5 g6+ 38. Kh6 f2 39. Nxf2 c1=B# 0-1

[Event "CYCC U10"]
[Site "Vancouver CAN"]
[Date "2012.07.05"]
[Round "6"]
[White "Ghodsi, Soroush"]
[Black "Thomson, Noah"]
[Result "1-0"]
[WhiteElo "960"]
[BlackElo "622"]
[PlyCount "61"]
[GameId "2160767909508563"]
[EventDate "2012.07.03"]
[EventType "swiss"]
[EventRounds "7"]
[EventCountry "CAN"]
[SourceTitle "EXT 2022"]
[Source "ChessBase"]
[SourceDate "2021.10.06"]
[SourceVersion "1"]
[SourceVersionDate "2021.10.06"]
[SourceQuality "1"]

1. d4 d5 2. c4 Be6 3. Nc3 dxc4 4. e4 Nc6 5. d5 Nb4 6. dxe6 Qxd1+ 7. Nxd1 Nc2+ 8. Kd2 Nxa1 9. exf7+ Kxf7 10. Bxc4+ e6 11. Nc3 Rd8+ 12. Ke2 Bb4 13. Bd3 Bxc3 14. bxc3 Nf6 15. Nf3 Ng4 16. h3 Nxf2 17. Kxf2 Rxd3 18. Bd2 Rhd8 19. Ne5+ Ke7 20. Bg5+ Kd6 21. Nxd3 Rf8+ 22. Bf4+ e5 23. Nb4 Rxf4+ 24. Ke3 g5 25. Rxa1 c5 26. Rd1+ Ke7 27. Nd5+ Kd7 28. Nxf4+ Kc6 29. Nd5 Kd7 30. Nf6+ Ke6 31. Nxh7 1-0

[Event "CYCC U10"]
[Site "Vancouver CAN"]
[Date "2012.07.05"]
[Round "6"]
[White "Low, Ethan"]
[Black "Wang, Tim"]
[Result "0-1"]
[WhiteElo "843"]
[BlackElo "768"]
[PlyCount "82"]
[GameId "2160767909508564"]
[EventDate "2012.07.03"]
[EventType "swiss"]
[EventRounds "7"]
[EventCountry "CAN"]
[SourceTitle "EXT 2022"]
[Source "ChessBase"]
[SourceDate "2021.10.06"]
[SourceVersion "1"]
[SourceVersionDate "2021.10.06"]
[SourceQuality "1"]

1. d4 d5 2. Bf4 Nf6 3. e3 Nbd7 4. Bd3 c5 5. c3 c4 6. Bc2 e6 7. Nf3 a5 8. Nbd2 b5 9. e4 Nb6 10. e5 Nfd7 11. b3 b4 12. cxb4 axb4 13. bxc4 dxc4 14. Qe2 Bb7 15. Nxc4 Nxc4 16. Qxc4 Bxf3 17. gxf3 Rc8 18. Qd3 Rc7 19. Rc1 b3 20. axb3 Qc8 21. Bd2 Ba3 22. Ra1 Bb2 23. Bb1 Bxa1 24. Ke2 Qb8 25. Rc1 Rc8 26. Rxc8+ Qxc8 27. f4 g6 28. h4 O-O 29. h5 Rd8 30. hxg6 fxg6 31. d5 Nc5 32. Qg3 Qa6+ 33. Kf3 Qa8 34. Ke2 Qxd5 35. Bxg6 Qxd2+ 36. Kf1 Nb7 37. Be4+ Kh8 38. Bxb7 Rd3 39. Qh2 Rd8 40. Be4 Qd1+ 41. Kg2 Rg8+ 0-1

[Event "CYCC U10"]
[Site "Vancouver CAN"]
[Date "2012.07.05"]
[Round "6"]
[White "Luan, Zhen Shu"]
[Black "Surya, Benito"]
[Result "0-1"]
[WhiteElo "959"]
[BlackElo "892"]
[PlyCount "67"]
[GameId "2160767909508565"]
[EventDate "2012.07.03"]
[EventType "swiss"]
[EventRounds "7"]
[EventCountry "CAN"]
[SourceTitle "EXT 2022"]
[Source "ChessBase"]
[SourceDate "2021.10.06"]
[SourceVersion "1"]
[SourceVersionDate "2021.10.06"]
[SourceQuality "1"]

1. e4 e5 2. Nf3 Nc6 3. Bc4 h6 4. Nc3 Nf6 5. d3 Bc5 6. O-O O-O 7. b3 d6 8. Bb2 Bg4 9. h3 Bh5 10. Nd5 Rb8 11. Re1 Bd4 12. Rb1 a6 13. g4 Bg6 14. Nxd4 exd4 15. c3 dxc3 16. Bxc3 b5 17. Nxf6+ gxf6 18. Bd5 Ne5 19. Qd2 Nf3+ 20. Kf1 Nxd2+ 21. Bxd2 Qd7 22. Bxh6 Rfe8 23. Rbc1 Qd8 24. Bc6 Re7 25. g5 f5 26. exf5 Bxf5 27. g6 fxg6 28. Bd5+ Kh7 29. Rxe7+ Qxe7 30. Bf4 Re8 31. Be4 Bxe4 32. dxe4 Qxe4 33. Rxc7+ Kg8 34. Bh6 0-1

[Event "CYCC U10"]
[Site "Vancouver CAN"]
[Date "2012.07.05"]
[Round "6"]
[White "Madokoro, Aidan"]
[Black "Hua, Eugene"]
[Result "1-0"]
[WhiteElo "788"]
[BlackElo "810"]
[PlyCount "47"]
[GameId "2160767909508566"]
[EventDate "2012.07.03"]
[EventType "swiss"]
[EventRounds "7"]
[EventCountry "CAN"]
[SourceTitle "EXT 2022"]
[Source "ChessBase"]
[SourceDate "2021.10.06"]
[SourceVersion "1"]
[SourceVersionDate "2021.10.06"]
[SourceQuality "1"]

1. d4 Nf6 2. Bf4 e6 3. Nf3 Nc6 4. e3 d5 5. Be2 Be7 6. Nbd2 O-O 7. O-O Bd6 8. Bg3 Re8 9. c4 Ne7 10. Qc2 c5 11. e4 b6 12. e5 Nf5 13. exd6 Nxg3 14. fxg3 Qxd6 15. Ng5 cxd4 16. Rxf6 g6 17. Raf1 Re7 18. Rxf7 Rxf7 19. Rxf7 Qe5 20. Ndf3 Qe3+ 21. Kf1 dxc4 22. Qxc4 h6 23. Rh7 hxg5 24. Qc7 1-0

[Event "CYCC U10"]
[Site "Vancouver CAN"]
[Date "2012.07.05"]
[Round "6"]
[White "Ming, Wenyang"]
[Black "Doknjas, Joshua"]
[Result "0-1"]
[WhiteElo "1678"]
[BlackElo "1628"]
[PlyCount "84"]
[GameId "2160767909508567"]
[EventDate "2012.07.03"]
[EventType "swiss"]
[EventRounds "7"]
[EventCountry "CAN"]
[SourceTitle "EXT 2022"]
[Source "ChessBase"]
[SourceDate "2021.10.06"]
[SourceVersion "1"]
[SourceVersionDate "2021.10.06"]
[SourceQuality "1"]

1. b3 e5 2. Bb2 Nc6 3. e3 Nf6 4. Nf3 d6 5. d4 e4 6. d5 Nb4 7. Bb5+ c6 8. dxc6 bxc6 9. Nd4 cxb5 10. Nxb5 Ba6 11. Nd4 Be7 12. Ba3 Nbd5 13. c4 Qa5+ 14. Qd2 Qxd2+ 15. Kxd2 Nc7 16. h3 d5 17. Kc3 dxc4 18. bxc4 Bxa3 19. Nxa3 O-O 20. Rab1 Nd7 21. Nab5 Bxb5 22. cxb5 Nd5+ 23. Kd2 Ne5 24. f3 exf3 25. gxf3 Nc4+ 26. Kd3 Ncxe3 27. Rhe1 Ng2 28. Re5 Ngf4+ 29. Ke4 Nc3+ 30. Kxf4 Nxb1 31. Rc5 h6 32. Rc1 Nd2 33. Ke3 Rad8 34. Nc6 Rfe8+ 35. Kf2 Rd3 36. Rc2 Rxf3+ 37. Kg1 Rf1+ 38. Kg2 Re2+ 39. Kg3 Ne4+ 40. Kh4 Rf4+ 41. Kh5 g6+ 42. Kxh6 Rh4# 0-1

[Event "CYCC U10"]
[Site "Vancouver CAN"]
[Date "2012.07.05"]
[Round "6"]
[White "Pulfer, Luke"]
[Black "Ju, Lawrence"]
[Result "1-0"]
[WhiteElo "1167"]
[BlackElo "1108"]
[PlyCount "55"]
[GameId "2160767909508568"]
[EventDate "2012.07.03"]
[EventType "swiss"]
[EventRounds "7"]
[EventCountry "CAN"]
[SourceTitle "EXT 2022"]
[Source "ChessBase"]
[SourceDate "2021.10.06"]
[SourceVersion "1"]
[SourceVersionDate "2021.10.06"]
[SourceQuality "1"]

1. d4 Nf6 2. c4 g6 3. Nc3 Bg7 4. Nf3 d6 5. e3 O-O 6. Be2 Nc6 7. O-O e5 8. d5 Ne7 9. e4 h5 10. Ng5 Ne8 11. f4 exf4 12. Bxf4 Be5 13. Bxe5 dxe5 14. Qd2 Kg7 15. Rf2 c6 16. Raf1 f6 17. Nf3 f5 18. Nxe5 cxd5 19. cxd5 Qd6 20. Nc4 Qd8 21. e5 Rb8 22. a4 a6 23. Rd1 b5 24. axb5 axb5 25. Ne3 b4 26. Na4 Bd7 27. Nc5 Bb5 28. Ne6+ 1-0

[Event "CYCC U10"]
[Site "Vancouver CAN"]
[Date "2012.07.05"]
[Round "6"]
[White "Rodzik, Cameron"]
[Black "Taylor, Ashton"]
[Result "0-1"]
[WhiteElo "593"]
[BlackElo "806"]
[PlyCount "56"]
[GameId "2160767909508569"]
[EventDate "2012.07.03"]
[EventType "swiss"]
[EventRounds "7"]
[EventCountry "CAN"]
[SourceTitle "EXT 2022"]
[Source "ChessBase"]
[SourceDate "2021.10.06"]
[SourceVersion "1"]
[SourceVersionDate "2021.10.06"]
[SourceQuality "1"]

1. e4 b6 2. d4 c5 3. dxc5 bxc5 4. Nf3 Bb7 5. Nc3 Nc6 6. Bc4 e6 7. Bg5 f6 8. Bh4 g5 9. Bg3 h5 10. O-O h4 11. Bc7 Qxc7 12. e5 fxe5 13. Nxg5 Be7 14. Nge4 Na5 15. Bd3 c4 16. Be2 d5 17. Bh5+ Kd8 18. Nd2 Nf6 19. Bg6 Rh6 20. Bf7 Qd7 21. g4 Bf8 22. g5 Qxf7 23. gxh6 Bxh6 24. Re1 Qg6+ 25. Kf1 d4 26. Nb5 Bg2+ 27. Kg1 Bf3+ 28. Kf1 Qg2# 0-1

[Event "CYCC U10"]
[Site "Vancouver CAN"]
[Date "2012.07.05"]
[Round "6"]
[White "Smith, Alexei"]
[Black "Jiang, Jerry"]
[Result "0-1"]
[WhiteElo "502"]
[BlackElo "416"]
[PlyCount "85"]
[GameId "2160767909508570"]
[EventDate "2012.07.03"]
[EventType "swiss"]
[EventRounds "7"]
[EventCountry "CAN"]
[SourceTitle "EXT 2022"]
[Source "ChessBase"]
[SourceDate "2021.10.06"]
[SourceVersion "1"]
[SourceVersionDate "2021.10.06"]
[SourceQuality "1"]

1. e4 c5 2. Nf3 e6 3. Nc3 a6 4. d4 cxd4 5. Nxd4 d6 6. Bc4 Be7 7. Bf4 Nf6 8. O-O O-O 9. Qg4 Nxg4 10. f3 Nf6 11. Rae1 d5 12. Bd3 Re8 13. e5 Nh5 14. Be3 Bh4 15. Re2 Bg5 16. f4 Bh4 17. f5 Bg3 18. Rf3 Qh4 19. h3 exf5 20. Nxf5 Bxf5 21. Rxf5 Nc6 22. Nxd5 Nxe5 23. Bc4 Qxc4 24. Bg5 Qxe2 25. Nc7 Qe1+ 26. Rf1 Qxf1+ 27. Kxf1 Re6 28. Nxa8 Rd6 29. Nc7 Rd1+ 30. Ke2 Re1+ 31. Kd2 Nc4+ 32. Kc3 Ne5 33. b4 Re4 34. Nd5 Bf4 35. Kb2 Bxg5 36. a3 Nc4+ 37. Kb3 Bd8 38. a4 a5 39. b5 Nd2+ 40. Ka3 Be7+ 41. Kb2 Bf6+ 42. Ka3 Nf4 43. c3 0-1

[Event "CYCC U10"]
[Site "Vancouver CAN"]
[Date "2012.07.05"]
[Round "6"]
[White "Su, Michael"]
[Black "Tolentino, Patrick Angelo"]
[Result "1-0"]
[WhiteElo "1468"]
[BlackElo "1112"]
[PlyCount "81"]
[GameId "2160767909508571"]
[EventDate "2012.07.03"]
[EventType "swiss"]
[EventRounds "7"]
[EventCountry "CAN"]
[SourceTitle "EXT 2022"]
[Source "ChessBase"]
[SourceDate "2021.10.06"]
[SourceVersion "1"]
[SourceVersionDate "2021.10.06"]
[SourceQuality "1"]

1. e4 e5 2. Nf3 Nc6 3. Bb5 a6 4. Bxc6 dxc6 5. O-O Bg4 6. h3 Bh5 7. Nc3 Nf6 8. g4 Bg6 9. Nxe5 Bc5 10. Nxg6 hxg6 11. Qf3 Qd7 12. d3 O-O-O 13. Be3 Be7 14. Kg2 Rh7 15. e5 Nd5 16. Nxd5 cxd5 17. Qxf7 Rdh8 18. Rh1 Rxh3 19. Rxh3 Qxg4+ 20. Rg3 Qh4 21. Kf1 Rf8 22. Qxg7 Qxg3 23. Qxf8+ Bxf8 24. fxg3 Kd7 25. Kf2 Ke6 26. d4 c5 27. c3 c4 28. Kf3 Kf5 29. Rh1 g5 30. g4+ Kg6 31. Kg3 Bg7 32. Rf1 b5 33. Rf5 Bh6 34. e6 Bg7 35. e7 Bf6 36. e8=Q+ Kg7 37. Bxg5 Bxg5 38. Rxg5+ Kf6 39. Rf5+ Kg7 40. Qf7+ Kh6 41. g5# 1-0

[Event "CYCC U10"]
[Site "Vancouver CAN"]
[Date "2012.07.05"]
[Round "6"]
[White "Talukdar, Rohan"]
[Black "Novakovic, David"]
[Result "1-0"]
[WhiteElo "1254"]
[BlackElo "767"]
[PlyCount "69"]
[GameId "2160767909508572"]
[EventDate "2012.07.03"]
[EventType "swiss"]
[EventRounds "7"]
[EventCountry "CAN"]
[SourceTitle "EXT 2022"]
[Source "ChessBase"]
[SourceDate "2021.10.06"]
[SourceVersion "1"]
[SourceVersionDate "2021.10.06"]
[SourceQuality "1"]

1. d4 d5 2. c4 c6 3. Nc3 Nf6 4. Bg5 Nbd7 5. e3 h6 6. Bf4 Nb6 7. c5 Nbd7 8. Bd3 g5 9. Bg3 b6 10. b4 a5 11. a3 Bg7 12. Nge2 Nh5 13. h3 Ndf6 14. Bh2 Be6 15. Rg1 axb4 16. axb4 bxc5 17. bxc5 O-O 18. g4 Rxa1 19. Qxa1 Qa8 20. Qb2 Rb8 21. Qxb8+ Qxb8 22. Bxb8 Nd7 23. Bh2 Nhf6 24. Na2 h5 25. f3 Nh7 26. f4 Nxc5 27. dxc5 d4 28. Nxd4 Bxa2 29. Nxc6 Bd5 30. Nxe7+ Kh8 31. Nxd5 hxg4 32. Rxg4 Nf6 33. Nxf6 Bxf6 34. fxg5 Bc3+ 35. Ke2 1-0

[Event "CYCC U10"]
[Site "Vancouver CAN"]
[Date "2012.07.05"]
[Round "6"]
[White "Tang, Qiwen"]
[Black "Fox, Dylan"]
[Result "0-1"]
[WhiteElo "474"]
[BlackElo "579"]
[PlyCount "102"]
[GameId "2160767909508573"]
[EventDate "2012.07.03"]
[EventType "swiss"]
[EventRounds "7"]
[EventCountry "CAN"]
[SourceTitle "EXT 2022"]
[Source "ChessBase"]
[SourceDate "2021.10.06"]
[SourceVersion "1"]
[SourceVersionDate "2021.10.06"]
[SourceQuality "1"]

1. e4 e5 2. Nf3 Nf6 3. Nxe5 Qe7 4. Nd3 Nxe4 5. Qe2 Ng5 6. Qxe7+ Kxe7 7. Nc3 Nc6 8. b3 Nd4 9. Nd5+ Kd8 10. N5b4 Bxb4 11. Bb2 Nxc2+ 12. Kd1 Nxa1 13. Bxa1 Ne4 14. Nxb4 Nxf2+ 15. Ke1 Nxh1 16. Bxg7 Re8+ 17. Kd1 Nf2+ 18. Kc2 Re1 19. Bf6+ Ke8 20. Bd3 Ng4 21. Bh4 Rg1 22. Nd5 Kf8 23. Nxc7 Rb8 24. Be2 Nxh2 25. Bf2 Rxg2 26. Bc5+ Kg7 27. Ne8+ Kg6 28. Bd3+ Kg5 29. Be3+ Kg4 30. Nf6+ Kh4 31. Bxa7 Ra8 32. Be4 Re2 33. Bd3 Re6 34. Bf2+ Kg5 35. Ne4+ Kf4 36. Be3+ Kg4 37. Be2+ Nf3 38. Nf2+ Kg3 39. Nh1+ Kg2 40. Nf2 Rxa2+ 41. Kb1 Rxe3 42. dxe3 Rxe2 43. Ng4 h5 44. Nf6 h4 45. Ng4 h3 46. Kc1 Ne5 47. Kd1 Ra2 48. Nxe5 h2 49. Nd3 h1=Q+ 50. Ne1+ Kf2 51. Kc1 Qxe1# 0-1

[Event "CYCC U10"]
[Site "Vancouver CAN"]
[Date "2012.07.05"]
[Round "6"]
[White "Yie, Kevin Yi Xiao"]
[Black "Guo, Thomas"]
[Result "0-1"]
[WhiteElo "1670"]
[BlackElo "1334"]
[PlyCount "66"]
[GameId "2160767909508574"]
[EventDate "2012.07.03"]
[EventType "swiss"]
[EventRounds "7"]
[EventCountry "CAN"]
[SourceTitle "EXT 2022"]
[Source "ChessBase"]
[SourceDate "2021.10.06"]
[SourceVersion "1"]
[SourceVersionDate "2021.10.06"]
[SourceQuality "1"]

1. d4 d5 2. Bf4 Nf6 3. e3 Bf5 4. c4 e6 5. Nc3 Nc6 6. Qb3 Rb8 7. Nf3 Bd6 8. Bg3 h6 9. Be2 Qd7 10. cxd5 exd5 11. Nxd5 Nxd5 12. Qxd5 Bb4+ 13. Kf1 Qxd5 14. Bxc7 Rc8 15. Bg3 O-O 16. h3 Bd6 17. Bxd6 Qxd6 18. Nd2 Qg6 19. Kg1 Bd3 20. Bf3 f5 21. a3 Be4 22. Nxe4 fxe4 23. Bg4 Rc7 24. d5 Ne5 25. Bd1 Nf3+ 26. Kf1 Nd2+ 27. Kg1 Rcf7 28. g4 Rxf2 29. Rc1 Rf1+ 30. Kg2 R8f2+ 31. Kg3 Qd6+ 32. Kh4 Qf6+ 33. Kh5 Qg5# 0-1

[Event "CYCC U10"]
[Site "Vancouver CAN"]
[Date "2012.07.05"]
[Round "6"]
[White "Zhang, Clark"]
[Black "Smyth, Ryan"]
[Result "1-0"]
[WhiteElo "1013"]
[BlackElo "1110"]
[PlyCount "51"]
[GameId "2160767909508575"]
[EventDate "2012.07.03"]
[EventType "swiss"]
[EventRounds "7"]
[EventCountry "CAN"]
[SourceTitle "EXT 2022"]
[Source "ChessBase"]
[SourceDate "2021.10.06"]
[SourceVersion "1"]
[SourceVersionDate "2021.10.06"]
[SourceQuality "1"]

1. e4 c5 2. Nf3 Nc6 3. Bc4 e5 4. d3 Nf6 5. Nc3 d6 6. h3 Be7 7. Bg5 O-O 8. O-O b6 9. Bxf6 Bxf6 10. Bd5 Bb7 11. Re1 Re8 12. Qd2 Qd7 13. Ne2 Ba6 14. Ng5 Rab8 15. Bxf7+ Kf8 16. Bxe8 Rxe8 17. Nxh7+ Kg8 18. Nxf6+ gxf6 19. Ng3 Ne7 20. Nh5 Rf8 21. Qh6 Rf7 22. Nxf6+ Rxf6 23. Qxf6 d5 24. Re3 d4 25. Rg3+ Ng6 26. Rxg6+ 1-0

[Event "CYCC U10"]
[Site "Vancouver CAN"]
[Date "2012.07.05"]
[Round "6"]
[White "Zhang, Zhehai"]
[Black "Gaisinsky, Adam"]
[Result "1-0"]
[WhiteElo "1301"]
[BlackElo "904"]
[PlyCount "99"]
[GameId "2160767909508576"]
[EventDate "2012.07.03"]
[EventType "swiss"]
[EventRounds "7"]
[EventCountry "CAN"]
[SourceTitle "EXT 2022"]
[Source "ChessBase"]
[SourceDate "2021.10.06"]
[SourceVersion "1"]
[SourceVersionDate "2021.10.06"]
[SourceQuality "1"]

1. e4 c6 2. d4 d5 3. Nc3 dxe4 4. Nxe4 Bf5 5. Ng3 Bg6 6. Nf3 Nf6 7. Bd3 Bxd3 8. Qxd3 e6 9. O-O Bd6 10. Bg5 h6 11. Be3 O-O 12. Rad1 Na6 13. a3 Qb6 14. Ra1 Rad8 15. Qc4 Rfe8 16. d5 exd5 17. Bxb6 dxc4 18. Bxd8 Rxd8 19. Rad1 Nc5 20. Nf5 Nce4 21. Nxd6 Nxd6 22. Rfe1 b5 23. Re7 a5 24. Rc7 Nd5 25. Rxc6 Ne4 26. Rd4 Nef6 27. Rc5 Re8 28. Rxb5 g5 29. h3 Nf4 30. Rd1 Ne2+ 31. Kf1 c3 32. b3 g4 33. Nd4 Nf4 34. Rf5 N4d5 35. hxg4 Rd8 36. g5 Ng4 37. Re1 Nh2+ 38. Kg1 Ng4 39. gxh6 Nxh6 40. Rg5+ Kf8 41. Nf5 Nxf5 42. Rxf5 Ne7 43. Rxa5 Rd2 44. Ra8+ Kg7 45. Rxe7 Rxc2 46. Rc7 Rc1+ 47. Kh2 c2 48. Rac8 Rb1 49. Rxc2 Rxb3 50. Ra2 1-0

[Event "CYCC U10"]
[Site "Vancouver CAN"]
[Date "2012.07.05"]
[Round "6"]
[White "Zhao, Yue Tong (Davy)"]
[Black "Geng, Matthew"]
[Result "1-0"]
[WhiteElo "1789"]
[BlackElo "1187"]
[PlyCount "89"]
[GameId "2160767909508577"]
[EventDate "2012.07.03"]
[EventType "swiss"]
[EventRounds "7"]
[EventCountry "CAN"]

1. e4 e6 2. d4 d5 3. exd5 exd5 4. Bd3 Nc6 5. Nf3 Bg4 6. c3 Qf6 7. Nbd2 O-O-O 8. O-O Bd6 9. h3 h5 10. b4 Bf5 11. Bxf5+ Qxf5 12. b5 Nb8 13. Nb3 f6 14. Nh4 Qh7 15. f4 Ne7 16. Rf3 Nf5 17. Nxf5 Qxf5 18. Qd3 Qd7 19. a4 Rde8 20. Bd2 Re4 21. c4 Rhe8 22. cxd5 Qf5 23. Nc5 Bxc5 24. dxc5 Nd7 25. Rc1 h4 26. c6 Nb6 27. d6 Kb8 28. cxb7 Re1+ 29. Bxe1 Qxd3 30. dxc7+ Kxb7 31. Rxd3 Rc8 32. Rdc3 Nd5 33. Rc6 Rxc7 34. Rxc7+ Nxc7 35. Ba5 Ne8 36. Re1 Nd6 37. Re7+ Kb8 38. Bc7+ Kc8 39. Bxd6 Kd8 40. Kf2 Kc8 41. a5 Kd8 42. b6 axb6 43. axb6 g5 44. b7 gxf4 45. b8=Q# 1-0

[Event "CYCC U10"]
[Site "Vancouver CAN"]
[Date "2012.07.05"]
[Round "6"]
[White "Zhou, Felix"]
[Black "Jing, Ryan"]
[Result "1-0"]
[WhiteElo "671"]
[BlackElo "913"]
[PlyCount "71"]
[GameId "2160767909508578"]
[EventDate "2012.07.03"]
[EventType "swiss"]
[EventRounds "7"]
[EventCountry "CAN"]
[SourceTitle "EXT 2022"]
[Source "ChessBase"]
[SourceDate "2021.10.06"]
[SourceVersion "1"]
[SourceVersionDate "2021.10.06"]
[SourceQuality "1"]

1. d4 d5 2. c4 e6 3. Nf3 Nc6 4. Nc3 Bb4 5. Bg5 Nf6 6. e3 h6 7. Bh4 Bd7 8. Be2 Qe7 9. O-O Bxc3 10. bxc3 dxc4 11. Bxc4 e5 12. Re1 O-O-O 13. Rb1 g5 14. Bg3 exd4 15. Qb3 b6 16. Ba6+ Kb8 17. exd4 Be6 18. Qb5 Na5 19. Ne5 Rd6 20. Nc6+ Rxc6 21. d5 Rc5 22. Qa4 Rxd5 23. c4 Rd4 24. Qxa5 Qd7 25. c5 Re8 26. Rf1 Ra4 27. Qc3 Ne4 28. Qf3 Bd5 29. cxb6 axb6 30. Rxb6+ Ka7 31. Rxh6 Rxa6 32. Qe3+ c5 33. Rxa6+ Kxa6 34. Qa3+ Kb6 35. Rb1+ Kc6 36. Qa6# 1-0

[Event "CYCC U10"]
[Site "Vancouver CAN"]
[Date "2012.07.05"]
[Round "7"]
[White "Chertkow, Matthew"]
[Black "Luan, Zhen Shu"]
[Result "0-1"]
[WhiteElo "868"]
[BlackElo "959"]
[PlyCount "52"]
[GameId "2160767909508579"]
[EventDate "2012.07.03"]
[EventType "swiss"]
[EventRounds "7"]
[EventCountry "CAN"]
[SourceTitle "EXT 2022"]
[Source "ChessBase"]
[SourceDate "2021.10.06"]
[SourceVersion "1"]
[SourceVersionDate "2021.10.06"]
[SourceQuality "1"]

1. e4 e5 2. Nf3 Nc6 3. Bc4 Nf6 4. Nc3 Nxe4 5. Nxe4 d5 6. Bd3 dxe4 7. Bxe4 Bd7 8. d3 g6 9. Ng5 Be7 10. h4 h6 11. Nf3 Bf6 12. Be3 Qe7 13. Qd2 O-O-O 14. Bxc6 Bxc6 15. Bxa7 Qf8 16. O-O-O g5 17. hxg5 Bxg5 18. Nxg5 hxg5 19. Rxh8 Qxh8 20. Qxg5 f6 21. Qf5+ Bd7 22. Qe4 Qh6+ 23. Kb1 Bc6 24. Qb4 Qh5 25. Rd2 Qh1+ 26. Rd1 Qxd1# 0-1

[Event "CYCC U10"]
[Site "Vancouver CAN"]
[Date "2012.07.05"]
[Round "7"]
[White "Rapin, Oliver"]
[Black "Jiang, Jerry"]
[Result "0-1"]
[WhiteElo "641"]
[BlackElo "416"]
[PlyCount "92"]
[GameId "2160767909508580"]
[EventDate "2012.07.03"]
[EventType "swiss"]
[EventRounds "7"]
[EventCountry "CAN"]
[SourceTitle "EXT 2022"]
[Source "ChessBase"]
[SourceDate "2021.10.06"]
[SourceVersion "1"]
[SourceVersionDate "2021.10.06"]
[SourceQuality "1"]

1. e4 c5 2. Nf3 e6 3. Ne5 Be7 4. Bb5 Nf6 5. Qf3 O-O 6. Bd3 d6 7. Nc4 a6 8. e5 dxe5 9. Nxe5 Nbd7 10. Nxd7 Qxd7 11. Qh3 Re8 12. g4 Rf8 13. g5 e5 14. gxf6 Qxh3 15. Nc3 Bxf6 16. Ne4 Be7 17. Rg1 Bf5 18. Ng5 Bxg5 19. Rxg5 Bxd3 20. cxd3 f6 21. Rg1 Qxd3 22. a4 b5 23. axb5 axb5 24. Rxa8 Rxa8 25. Rg3 Qb1 26. Rc3 Ra1 27. Kd1 Qxb2 28. Rxc5 Qb3+ 29. Rc2 Qa3 30. Rc8+ Kf7 31. Rc7+ Kg6 32. Rc3 b4 33. Rg3+ Qxg3 34. hxg3 b3 35. Ke2 Rxc1 36. d4 exd4 37. g4 b2 38. g5 b1=Q 39. f4 fxg5 40. fxg5 Kxg5 41. Kf3 d3 42. Ke4 d2+ 43. Ke5 d1=Q 44. Ke6 Qb5 45. Kf7 Rc6 46. Kxg7 Qd7+ 0-1

[Event "CYCC U10"]
[Site "Vancouver CAN"]
[Date "2012.07.05"]
[Round "7"]
[White "Smith, Alexei"]
[Black "Cardinal, Anthony"]
[Result "1/2-1/2"]
[WhiteElo "502"]
[BlackElo "240"]
[PlyCount "59"]
[GameId "2160767909508581"]
[EventDate "2012.07.03"]
[EventType "swiss"]
[EventRounds "7"]
[EventCountry "CAN"]
[SourceTitle "EXT 2022"]
[Source "ChessBase"]
[SourceDate "2021.10.06"]
[SourceVersion "1"]
[SourceVersionDate "2021.10.06"]
[SourceQuality "1"]

1. e4 e5 2. Nf3 Nf6 3. Nc3 Bc5 4. d3 O-O 5. Bg5 h6 6. Be3 Bb4 7. a3 Be7 8. Be2 Nc6 9. O-O d6 10. Qd2 Be6 11. Rad1 d5 12. d4 dxe4 13. Nh4 exd4 14. Bxd4 Nxd4 15. Bb5 Nh5 16. Qe3 Bg4 17. Rxd4 Qb8 18. Rxe4 Nf6 19. Rxe7 c6 20. Bd3 Re8 21. Re1 Bh5 22. Qg3 Rxe7 23. Rxe7 Qc8 24. Nf5 Ng4 25. Qh4 g6 26. Nd6 Qd8 27. Nxf7 Qd4 28. Nd1 Qf4 29. b3 g5 30. Bb5 1/2-1/2